00313nam a2200109Ia 4500008004100000082000800041100001500049245002300064942000600087952009500093999001500188240331s9999 xx 000 0 und d bBRO aBrown, Dan 0aAngels and demonds cL 001040708LaWERCLbWERCLcSSCd2024-03-31l0o 823 BROp6853r2024-03-31w2024-03-31yL c5860d5860